Gramotnosť spotrebiteľa
Prepojenosť spotrebiteľskej politiky s gramotnosťou spotrebiteľa, ktorej súčaťou je vzdelávanie spotrebiteľov.
Gespeichert in:
| 1. Verfasser: | |
|---|---|
| Format: | Buchkapitel |
| Sprache: | Slowakisch |
| Schlagworte: | |
| Tags: |
Keine Tags, Fügen Sie das erste Tag hinzu!
|
MARC
| LEADER | 00000naa a2200000 4500 | ||
|---|---|---|---|
| 001 | 0238872 | ||
| 005 | 20240502073851.2 | ||
| 041 | 0 | |a slo | |
| 044 | |a SK | ||
| 245 | 1 | 0 | |a Gramotnosť spotrebiteľa |c Marína Korčoková |
| 520 | |a Prepojenosť spotrebiteľskej politiky s gramotnosťou spotrebiteľa, ktorej súčaťou je vzdelávanie spotrebiteľov. | ||
| 610 | 2 | 0 | |a politika spotrebiteľská |
| 610 | 2 | 0 | |a vzdelávanie |
| 610 | 2 | 0 | |a trh spotrebiteľský |
| 610 | 2 | 0 | |a marketing mix |
| 610 | 2 | 0 | |a právo spotrebiteľské |
| 100 | 1 | |a Korčoková, Marína, 1970- | |